01075nas a2200277 4500001001000000003000900010005001700019007000300036008003400039040005400073041000900127072000800136100001600144100001700160100001500177245011800192246009400310650002000404650001900424650001900443773010800462909004000570942001800610999001900628952015000647BR8300090BR-BrBNA20231205085358.0ta230509b bl.|||p| |||| 00| 00por d aBR-BrBNAbporcBiblioteca Nacional de Agricultura a(Pt) aF271 aSouza, A.P.1 aFreire, W.J.1 aCuri, P.R.1 aPreparo do solo com arado de discos e seu efeito sobre a estabilidade mecanica dos agregados de um latossolo roxo1 aEffect of disk plow tillage on mechanical stability of the aggregates in a purple latosol aCULTIVO DO SOLO aARADO DE DISCO aLATOSSOLO ROXO0 tRevista Brasileira de Ciencia do Solo (Brazil)xISSN 0100-0683g(Jan 1982), v. 6(1) p. 53-57wBR8300090 a202311bLúciac55dLúcia Elande 2AGRISn0cANA c111087d111087 002AGRIS4071a41918b41918cPeriódicos Agrícolash(Jan 1982), v. 6(1) p. 53-57l0r2023-11-29t01yCRePortaria Interministerial nº 164/94